000 00772nam a2200253Ia 4500
003 OSt
005 20221006164903.0
006 a|||||r|||| 00| 0
007 ta
008 221006b |||||||| |||| 00| 0 hin d
024 _a4,455
037 _cTextual
040 _aFML
_cFML
_bhin
041 _2hin
_ahin
082 _aNS4412, L, 152N6 - ; 1
100 _aChakyaar Mani Maadhay Au.
_9678592
245 0 _aNadrayekalpadrum
260 _aDelhi
_bSangeet Natak Acadmy India
_c1996
300 _a279
_ccm.
700 _a Govindan P. K. Tr.
_9678593
700 _a Sharma Premlata Ed.
_9181865
942 _hNS4412, L, 152N6 - ; 1
_cTEXL
_2CC
999 _c1118829
_d1118829